000 01335nam a2200337Ia 4500
001 ebr10254434
003 CaPaEBR
006 m u
007 cr cn|||||||||
008 080730s2008 enka sb 000 0 eng d
020 _z9780195327878
020 _z019532787X
040 _aCaPaEBR
_cCaPaEBR
035 _a(OCoLC)314222306
050 1 4 _aRJ506.A35
_bL62 2008eb
100 1 _aLochman, John E.
_q(John Edward)
245 1 0 _aCoping power
_h[electronic resource] :
_bchild group program facilitator guide /
_cJohn E. Lochman, Karen C. Wells, Lisa A. Lenhart.
260 _aOxford ;
_aNew York :
_bOxford University Press,
_c2008.
300 _aix, 278 p. :
_bill.
490 1 _aPrograms that work
504 _aIncludes bibliographical references (p. 263-275).
533 _aElectronic reproduction.
_bPalo Alto, Calif. :
_cebrary,
_d2011.
_nAvailable via World Wide Web.
_nAccess may be limited to ebrary affiliated libraries.
650 0 _aAggressiveness in children.
650 0 _aConduct disorders in children.
655 7 _aElectronic books.
_2local
700 1 _aWells, Karen C.
700 1 _aLenhart, Lisa A.
710 2 _aebrary, Inc.
830 0 _aPrograms that work.
856 4 0 _uhttp://site.ebrary.com/lib/rucke/Doc?id=10254434
_zAn electronic book accessible through the World Wide Web; click to view
999 _c35146
_d35146